Mery 50 pasandeedah seen (Record no. 329586)
[ view plain ]
| 000 -LEADER | |
|---|---|
| fixed length control field | nam a22 7a 4500 |
| 003 - CONTROL NUMBER IDENTIFIER | |
| control field | NUST |
| 005 - DATE AND TIME OF LATEST TRANSACTION | |
| control field | 20170613121143.0 |
| 008 - FIXED-LENGTH DATA ELEMENTS--GENERAL INFORMATION | |
| fixed length control field | 170515b xxu||||| |||| 00| 0 eng d |
| 040 ## - CATALOGING SOURCE | |
| Transcribing agency | NUST |
| 041 ## - LANGUAGE CODE | |
| Language code of original | Urdu |
| 082 ## - DEWEY DECIMAL CLASSIFICATION NUMBER | |
| Classification number | 891.4393 |
| Author Mark | AHM |
| 100 ## - MAIN ENTRY--PERSONAL NAME | |
| Personal name | Ahmad, Umairah |
| 9 (RLIN) | 742 |
| 245 ## - TITLE STATEMENT | |
| Title | Mery 50 pasandeedah seen |
| Statement of responsibility, etc. | by Umairah Ahmad |
| 260 ## - PUBLICATION, DISTRIBUTION, ETC. | |
| Place of publication, distribution, etc. | Lahore: |
| Name of publisher, distributor, etc. | Ilm o Irfan publishers, |
| Date of publication, distribution, etc. | 2006 |
| 300 ## - PHYSICAL DESCRIPTION | |
| Extent | 198 p. |
| 500 ## - GENERAL NOTE | |
| General note | Novel |
| 650 ## - SUBJECT ADDED ENTRY--TOPICAL TERM | |
| Topical term or geographic name entry element | Urdu-Literature |
| 9 (RLIN) | 347 |
| 880 ## - ALTERNATE GRAPHIC REPRESENTATION | |
| Linkage | 100-01\(3\r |
| Title | عمیرہ احمد |
| 880 ## - ALTERNATE GRAPHIC REPRESENTATION | |
| Linkage | 245-02\(3\r |
| Title | میرے 50 پسندیدہ سین |
| c | عمیرہ احمد |
| 880 ## - ALTERNATE GRAPHIC REPRESENTATION | |
| Linkage | 260-03\(3\r |
| Title | لاہور: |
| b | علم و عرفان پبلشرز، |
| c | 2006 |
| 942 ## - ADDED ENTRY ELEMENTS (KOHA) | |
| Source of classification or shelving scheme | |
| Koha item type | Book |
| Withdrawn status | Lost status | Source of classification or shelving scheme | Damaged status | Not for loan | Permanent Location | Current Location | Shelving location | Date acquired | Total Checkouts | Full call number | Barcode | Date last seen | Date last checked out | Copy number | Price effective from | Koha item type | Collection code | Total Renewals |
|---|---|---|---|---|---|---|---|---|---|---|---|---|---|---|---|---|---|---|
| Central Library (CL) | Central Library (CL) | Fiction | 05/15/2017 | 4 | 891.4393 AHM | CL1967 | 01/30/2026 | 01/06/2025 | 1 | 05/15/2017 | Book | |||||||
| Central Library (CL) | Central Library (CL) | Fiction | 05/26/2017 | 2 | 891.4393 AHM | CL2217 | 01/27/2026 | 10/08/2025 | 2 | 05/26/2017 | Book | 3 |
